| 000 | 00641nam a2200193 i 4500 | ||
|---|---|---|---|
| 001 | 20555 | ||
| 003 | ES-MaACL | ||
| 005 | 20230906152326.0 | ||
| 007 | t| | ||
| 008 | 021114s1969 sp ||||1| spa d | ||
| 100 | 1 |
_aAhmann, J. Stanley. _918942 |
|
| 245 | 1 | 0 |
_aEvaluación de los alumnos de la escuela primaria / _cJ. Stanley Ahmann, Marvin D. Glock y Helen L. Wardeberg ; versión de César Maillo. |
| 260 |
_a[Madrid] : _bAguilar, _c[1969] |
||
| 300 |
_aXV, 491 p. ; _c22 cm. |
||
| 700 | 1 |
_aGlock, Marvin D. _957444 |
|
| 700 | 1 |
_aWardeberg, Helen L. _9116088 |
|
| 700 | 1 |
_aMaillo, César. _975585 |
|
| 852 |
_aES-MaACL _jC-47817 _bR.72731 |
||
| 999 |
_c20555 _d20555 |
||